Nuevas perspectivas en el desarrollo del sexo y el género

Uloženo v:
Podrobná bibliografie
Médium: Kniha
Jazyk:španělština
Vydáno: Madrid Pirámide 1988
Edice:Colección Psicología
Témata:
Tagy: Přidat tag
Žádné tagy, Buďte první, kdo vytvoří štítek k tomuto záznamu!

MARC

LEADER 00000nam a2200000 a 4500
001 UCY7896
003 CL-VaPUC
008 950622e19880000SP |||||||||||||||||spa|d
082 0 4 |a 306.7  |b NUE  |2 21 
245 1 0 |a Nuevas perspectivas en el desarrollo del sexo y el género 
300 |a 286 p 
942 |c BK 
945 |d 19950622 00:00:00  |a rbrito 
260 |a Madrid  |b Pirámide  |c 1988 
650 0 |a Sexo  |9 257818 
650 0 |a Educación sexual  |9 308005 
650 0 |a Comportamiento sexual  |9 334955 
650 7 |a HEMBRA  |2 CL-VaPUC  |9 338780 
650 7 |a MACHO  |2 CL-VaPUC  |9 338781 
650 7 |a DISTRIBUCION POR SEXOS  |2 CL-VaPUC  |9 338782 
650 0 |a Personalidad   |9 307255 
583 |a last modification  |c 19950622 00:00:00  |k Rodrigo Vera 
490 0 |a Colección Psicología 
999 |c 235193  |d 235191 
952 |0 0  |1 0  |4 0  |6 306_700000000000000_NUE_1988  |7 0  |8 A  |9 242429  |a BIBGIM  |b BIBGIM  |d 2019-11-18  |i 3099245  |o 306.7 NUE 1988  |p 3099245  |r 2025-01-15  |w 2019-11-18  |y BK  |k SSL